LEADER 03552nam a2200841 i 4500
001 312634
003 CZ PrSKC
005 20260601215726.0
007 ta
008 150930s2015 xr abe e 000 0 cze
015 |a cnb002733711 
020 |a 9788021077874  |q (brožováno) 
035 |a (OCoLC)928741353 
040 |a BOA001  |b cze  |e rda 
041 1 |a cze  |h fre  |h ita 
043 |a e-it--- 
045 |a p-p- 
072 7 |a 7.01/.09  |x Umění  |2 Konspekt 
080 |a 005.963.3  |2 MRF 
080 |a 7.033  |2 MRF 
080 |a 7.032/038:27  |2 MRF 
080 |a 726.5  |2 MRF 
080 |a 316.73  |2 MRF 
080 |a 72/76:904  |2 MRF 
080 |a (450.82)  |2 MRF 
080 |a (450)  |2 MRF 
080 |a (082)  |2 MRF 
245 0 0 |a Zápisky z cest.  |n II,  |p Cefalù - Palermo - Monreale /  |c Ivan Foletti, Michal Kolář, Elisabetta Scirocco (eds.) ; překlady z italštiny a francouzštiny: Alžběta Filipová, Zuzana Kolečková 
246 3 0 |a Cefalù - Palermo - Monreale 
250 |a Vydání první 
264 1 |a Brno :  |b Masarykova univerzita,  |c 2015 
300 |a 127 stran :  |b ilustrace (převážně barevné), mapy, plány ;  |c 16 x 22 cm 
336 |a text  |b txt  |2 rdacontent 
336 |a statický obraz  |b sti  |2 rdacontent 
337 |a bez média  |b n  |2 rdamedia 
338 |a svazek  |b nc  |2 rdacarrier 
504 |a Obsahuje bibliografie 
610 2 7 |a Masarykova univerzita.  |b Seminář dějin umění.  |t Studijní program (Masarykova univerzita. Seminář dějin umění)  |7 kon2007427267  |2 czenas 
648 7 |a 12. století  |7 ch460550  |2 czenas 
648 7 |a 2014  |7 ch967317  |2 czenas 
648 7 |a 2011-2020  |7 ch460589  |2 czenas 
650 0 7 |a studijní cesty  |7 ph440126  |z Itálie  |y 2011-2020  |2 czenas 
650 0 7 |a středověké umění  |7 ph126240  |z Itálie  |y 12. století  |2 czenas 
650 0 7 |a křesťanské umění  |7 ph122128  |z Itálie  |y 12. století  |2 czenas 
650 0 7 |a církevní architektura  |7 ph114282  |z Itálie  |y 12. století  |2 czenas 
650 0 7 |a kulturní vlivy  |7 ph166541  |2 czenas 
650 0 7 |a umělecké památky  |7 ph126896  |z Itálie  |2 czenas 
650 0 9 |a educational visits  |z Italy  |y 2011-2020  |2 eczenas 
650 0 9 |a medieval art  |z Italy  |y 12th century  |2 eczenas 
650 0 9 |a Christian art  |z Italy  |y 12th century  |2 eczenas 
650 0 9 |a church architecture  |z Italy  |y 12th century  |2 eczenas 
650 0 9 |a culture's influence  |2 eczenas 
650 0 9 |a artistic monuments  |z Italy  |2 eczenas 
651 7 |a Sicílie (Itálie)  |7 ge130805  |2 czenas 
651 7 |a Cefalu (Itálie)  |7 xx0165973  |2 czenas 
651 7 |a Palermo (Itálie)  |7 ge328449  |2 czenas 
651 7 |a Monreale (Itálie)  |7 ge788020  |2 czenas 
651 9 |a Sicily (Italy)  |2 eczenas 
651 9 |a Cefalù (Italy)  |2 eczenas 
651 9 |a Palermo (Italy)  |2 eczenas 
651 9 |a Monreale (Italy)  |2 eczenas 
655 7 |a sborníky  |7 fd163935  |2 czenas 
655 9 |a miscellanea  |2 eczenas 
700 1 |a Foletti, Ivan,  |d 1980-  |7 mzk2010595361  |4 edt 
700 1 |a Kolář, Michal,  |d 1966-  |7 jn19990202006  |4 edt 
700 1 |a Scirocco, Elisabetta  |7 mzk2015887748  |4 edt 
700 1 |a Filipová, Alžběta  |7 ola2013767456  |4 trl 
700 1 |a Kolečková, Zuzana  |7 hka2015894469  |4 trl 
900 |a ABA001  |b 19 
044 |a xr 
910 |a RBIT002 
998 |d 417289  |a https://core.palmknihy.cz/api/books/417289/cover?srgp42  |b https://core.palmknihy.cz/api/books/417289/cover/400?srgp42  |c https://core.palmknihy.cz/api/books/417289/cover/50?srgp42  |e   |g 127  |i 9788021077874  |k https://core.palmknihy.cz/api/books/417289/preview.pdf  |l   |q 49  |r 1  |s https://www.palmknihy.cz/kniha/417289  |t ebook  |y 2024  |z 0 
999 |d 312632